[Event "8th EUROPEAN INDIVIDUAL CHESS CHAMPIONSHIP"]
[Site "Dresden/Germany"]
[Date "2007.04.07"]
[Round "5.2"]
[White "Volokitin, Andrei"]
[Black "Berelovich, Aleksandar"]
[Result "1-0"]
[WhiteElo "2654"]
[BlackElo "2556"]
[Annotator "Ëåáåäåâ Âàñèëèé"]
[PlyCount "97"]
[EventDate "2007.04.03"]

{Êîãäà ïåðâûå òóðû «øâåéöàðêè» ïðîõîäÿò, è ñèëüíûå íà÷èíàþò èãðàòü ñ
ñèëüíûìè, òî ðåçóëüòàòèâíîñòü â ãðóïïå ëèäåðîâ ðåçêî ïàäàåò. È íèêòî íå
óäèâëÿåòñÿ øòàìïîâàíèþ êîðîòêèõ è áåñöâåòíûõ íè÷üèõ.  È ÷òîáû îòûñêàòü
÷òî-ëèáî èíòåðåñíîå ïðèõîäèòñÿ ãëóáîêî êîïàòü... Èíòåðåñíàÿ èñòîðè÷åñêàÿ
ïîäîïë¸êà îáíàðóæèëàñü ó ïàðòèè íà 2-é äîñêå.} 1. e4 c5 2. Nf3 Nc6 3. d4 cxd4
4. Nxd4 g6 5. c4 Nf6 6. Nc3 Nxd4 7. Qxd4 d6 8. c5 Bg7 9. Bb5+ Bd7 10. Bxd7+
Qxd7 11. cxd6 O-O 12. Bg5 {Ýòî, êàê íåòðóäíî äîãàäàòüñÿ ïî îòñóòñòâèþ
êîììåíòàðèåâ - òåîðèÿ. È äî ñèõ ñîïåðíèêè ñëåäîâàëè õîðîøåìó ïðèìåðó. Â äàâíåé
ïàðòèè òî÷íî òàê æå òàê èãðàëè Êåðåñ è Ïåòðîñÿí.} Qg4 $2 {Íî êîãäà ÿ óâèäåë
ñëåäóþùèé õîä ÷¸ðíûõ, è îïðåäåëèë, ÷òî îí ïî âñåé âèäèìîñòè íîâèíêà âòîðîé
ñâåæåñòè, à çàòåì ïðîäåëàë îïåðàöèþ «Êîïèðîâàòü â çàïèñü» òîò ñàìûé äàâíèé
ïîåäèíîê çíàìåíèòûõ øàõìàòèñòîâ, òî ÷óòü ñî ñòóëà íå óïàë!} ({Îêàçûâàåòñÿ,
èìåííî ýòèì âàðèàíòîì áûëà ñûãðàíà çíàìåíèòàÿ ïàðòèÿ, êîòîðàÿ äàëà îñíîâàíèþ
Ðîáåðòó Ôèøåðó çàÿâèòü íà âåñü ìèð î ñîâåòñêîì çàãîâîðå íà òóðíèðå
ïðåòåíäåíòîâ â Êþðàñàî! Âåäü ïîñëå} 12... Ne8 $1 {(â çàùèòå è â êîíòðàòàêå
Ïåòðîñÿí, êàê âñåãäà íåïîäðàæàåì), ïåðåä áåëûìè âñòàþò ñåðü¸çíûå ïðîáëåìû.} {
Êåðåñ ñûãðàë} 13. Qb4 $6 ({à ëó÷øå âñåãî òóò, êàæåòñÿ, ñëåäóþùåå ïðîäîëæåíèå:
} 13. Qd5 $1 {è åñëè} Nxd6 14. e5 {, òî} Bxe5 $1 15. Qxe5 f6 {
, ïî-ìîåìó, ñ ïîëíûì óðàâíåíèåì.}) 13... Nxd6 14. f3 a5 {, è ïîñëåäîâàëî
ñîãëàøåíèå íà íè÷üþ!  Ïîäðîáíîñòè ñì. â êíèãå «Ðóññêèå ïðîòèâ Ôèøåðà» (Ä.
Ïëèñåöêèé, Ñ. Âîðîíêîâ, «Ðèïîë Êëàññèê», ñòð. 101, 105-109). ßñíî, ÷òî
áåëûå, åñëè çà ÷òî áîðþòñÿ, òî îòíþäü íå çà ïîáåäó. À ïîñëå õîäà â ïàðòèè,
áåëûå ðåàëèçîâàëè ëèøíþþ ëàäüþ (!), ñêèíóâ â íóæíûé ìîìåíò íåìíîãî
ìàòåðèàëà.}) 13. dxe7 Nxe4 ({È òàêîå ñêëàäûâàåòñÿ âïå÷àòëåíèå, ÷òî ïðè
äðóãèõ ïðîäîëæåíèÿõ ÷¸ðíûå íå ïîëó÷àþò è òåíè èíèöèàòèâû, «çàòî»
ìàòåðèàëà íå õâàòàåò:} 13... Qxg5 14. exf8=Q+ Rxf8 15. O-O) ({èëè} 13... Qxg2
14. exf8=Q+ Rxf8 15. O-O-O Qxg5+ 16. Qe3 {è ò.ä.}) 14. exf8=Q+ Rxf8 15. Qe3
Qxg2 (15... Nxg5 16. O-O Bd4 17. Qg3) 16. O-O-O Nxc3 ({Èëè} 16... Bxc3 17. bxc3
Qxg5 18. Qxg5 Nxg5 19. Rd7 $18) 17. bxc3 Qc6 18. Kb2 h6 ({Ñëèøêîì ìàëî ó
÷¸ðíûõ îñòàëîñü ôèãóð, ÷òî ñîîðóäèòü â àòàêå ÷òî-òî ñåðü¸çíîå, íàïðèìåð:} 18...
Qb5+ 19. Ka1 Qc6 (19... Rc8 20. Rd8+) 20. Rc1 Rc8 21. Rhd1 Bxc3+ 22. Rxc3 Qxc3+
23. Qxc3 Rxc3 24. Bf6 Rc8 25. Rd7 $18) 19. Be7 Re8 20. Qc5 Rxe7 $1 {
Óïðîùàÿ ïîçèöèþ.} 21. Qxc6 ({Åñòåñòâåííî, íå} 21. Qxe7 $4 Qxc3+ 22. Kb1 Qb2#)
21... bxc6 22. Rhe1 {Íåòî÷íîñòü? Âèäèìî, äà.} ({Ñèëüíåå áûëî} 22. Rd8+ Kh7 23.
Rhd1) 22... Rb7+ ({
Âåäü ÷¸ðíûå òåïåðü ìîãëè ïîïðîáîâàòü óñòðîèòü áëîê â öåíòðå: áûëî} 22... Be5
$1 23. Kc2 (23. f4 Rb7+) 23... g5 {è ò.ä.}) 23. Kc2 Rb5 24. Re8+ Kh7 25. Re7
Rf5 26. Rxa7 {, è áåëûå ïîáåäèëè.} g5 27. a4 Rxf2+ 28. Rd2 Rf5 29. a5 Rc5 30.
Rd3 Be5 31. a6 Ra5 32. Rd2 Ra3 33. Kb1 Kg6 34. Ra8 Bxc3 35. Rd7 Be5 36. a7 f5
37. h3 Kh5 38. Re8 Bf4 39. a8=Q Rxa8 40. Rxa8 Kh4 41. Rh7 g4 42. hxg4 fxg4 43.
Kc2 c5 44. Ra4 Bg5 45. Kd3 c4+ 46. Rxc4 Kh3 47. Ke2 Kg3 48. Kf1 Kh3 49. Rc6 1-0

[Event "8th EUROPEAN INDIVIDUAL CHESS CHAMPIONSHIP"]
[Site "Dresden/Germany"]
[Date "2007.04.07"]
[Round "5.12"]
[White "Van den Doel, Erik"]
[Black "Tiviakov, Sergei"]
[Result "1/2-1/2"]
[WhiteElo "2580"]
[BlackElo "2663"]
[Annotator "Ëåáåäåâ Âàñèëèé"]
[PlyCount "55"]
[EventDate "2007.04.03"]

{Íåáîëüøîé ôðàãìåíò ñëåäóþùåé ïàðòèè âïîëíå äîñòîèí âíèìàíèÿ è óïîìèíàíèÿ.} 1.
e4 d5 {Ñåðãåé â ñâî¸ì, (õîðîøî íàðàáîòàííîì è îòòî÷åííîì) ðåïåðòóàðå! ;)} 2.
exd5 Qxd5 3. Nf3 Bg4 4. Be2 Nc6 5. Nc3 Qd7 6. h3 Bxf3 7. Bxf3 O-O-O 8. d3 e5 9.
O-O Nd4 10. Re1 Bd6 11. Be3 f5 12. Bxd4 exd4 13. Bd5 $5 ({
À íå ñèëüíåå ëè áûëî òóò} 13. Ne2 $5 {, è áåëûå, ïî ìîåìó, èìåþò áîëüøå
øàíñîâ ðàçâèòü íàñòóïëåíèå íà ôåðçåâîì ôëàíãå, íåæåëè ÷¸ðíûå íà êîðîëåâñêîì.})
13... Kb8 ({Ñëàáåå} 13... Re8 $2 14. Qf3 $1 c6 15. Rxe8+ Qxe8 16. Qxf5+ Kc7 17.
Bf7 {, è ïåøêà âñ¸ æå âûèãðàíà!}) 14. Qf3 $5 {
Â îòñóòñòâèå ñìåëîñòè áåëûõ íèêòî îáâèíèòü íå ìîæåò!} ({
Åñëè èçáðàòü íå ñòîëü ðàäèêàëüíîå} 14. Be6 {, òî ïîñëå} Qc6 15. Nd5 Re8 16. Qf3
{ìîæíî ðàññìîòðåòü íåñêîëüêî âîçìîæíîñòåé çà ÷¸ðíûõ.} Rxe6 $1 {
×òîáû ïîêàçàòü, ÷òî òàêòèêó è ìû âèäèì, íî âîò òî ÷òî ñëåäóåò çà íåé...} ({
Îäíàêî, âåñüìà è âåñüìà çàñëóæèâàåò âíèìàíèÿ} 16... Qxc2 {ñ èäååé} 17. Rac1 $4
Rxe6 $1) ({, íî è ïîñëå} 16... Qxc2 17. Re2 Qc6 18. Qxf5 Ne7 {
äåëî äâèæåòñÿ ê íè÷åéíîé ðàçâÿçêå}) 17. Rxe6 Bh2+ 18. Kxh2 Qxe6 19. Qg3 Qd7
20. Re1 Nf6 {È ïîñëå} 21. Ne7 ({áîëåå ÷åëîâå÷åñêèì âûãëÿäèò} 21. Re7 $5 Qxd5
22. Qxc7+ (22. Qxg7 $4 Rg8 $19) 22... Ka8 23. Rxg7 {
- äóìàåòñÿ, ñ êîìïåíñàöèåé...}) 21... g6 22. Qe5 Rf8 {Rybka òàê è íîðîâèò
«ïîä÷åðêíóòü» ïåðåâåñ áåëûõ êàêèì-òî «íåïðèìåòíûì» õîäîì òèïà} 23. a3 ({
à òî è} 23. Kg3 {:)})) 14... c6 {Ñåðãåé Òèâÿêîâ ðåøèë «íå ñâÿçûâàòüñÿ», è
òåì ñàìûì îòêàçàëñÿ îò áîðüáû çà ïîáåäó.} ({
Æåðòâó íàñêîëüêî ìíå óäàëîñü óñòàíîâèòü ìîæíî áûëî ïðèíèìàòü:} 14... dxc3 15.
Bxb7 $1 {Èäåÿ çàêëþ÷àåòñÿ èìåííî â ýòîì ïðîìåæóòî÷íîì ïîåäàíèè âàæíåéøåé
ïåøêè, ïðèêðûâàþùåé ÷¸ðíîãî ìîíàðõà.} {
È ïðîäîëæåíèå «ýêñåëüñèîðà» ìîæåò çàêîí÷èòüñÿ ïå÷àëüíî äëÿ ÷¸ðíûõ. Ñìîòðèì
} cxb2 ({åù¸ õóæå} 15... c6 16. Bxc6 Qc7 17. bxc3) 16. Ba6 $1 c6 ({èëè} 16...
Bh2+ 17. Kh1 $1 c6 18. Rab1 Bc7 19. Rxb2+ Bb6 20. c4) 17. Rab1 Ka8 $5 ({
íî ñèëüíåå «ïîæåðòâîâàòü ôåðçÿ» ïóò¸ì} 17... Ne7 18. Rxb2+ Ka8 19. Bb7+ Qxb7
20. Rxb7 Kxb7 21. d4) 18. Rxb2 Rb8 $6 ({îïÿòü ïîëó÷øå} 18... Ne7 19. Bb7+ Qxb7
20. Rxb7 Kxb7 {è ò.ä.}) 19. Rxb8+ Bxb8 $6 ({
à âîò çäåñü èãðà áåç ôåðçÿ óæå íå òàê êîìôîðòíà:} 19... Kxb8 20. Rb1+ Ka8 21.
Bb7+ Qxb7 22. Rxb7 Kxb7 23. Qxf5 Nf6 24. Qe6 Rd8 25. g4 {è ò.ä.}) 20. Bb5 Ne7
21. Rxe7 $1 Bh2+ $1 {(åäèíñòâåííîå)} 22. Kxh2 Qxe7 23. Bxc6+ {è ò.ä. Ýòî, êàê
âû ïîíèìàåòå, òå ñàìûå «ìå÷òû, ìå÷òû», ó êîòîðûõ âñ¸ âðåìÿ ñïðàøèâàþò ïðî
«âàøó ñëàäîñòü», ïîñëå ÷åãî íåèçìåííî ïðèïëåòàþò êàêóþ-òî ìëàäîñòü. ;)}) (
{À èñòèíà çàêëþ÷àåòñÿ â òîì, ÷òî (ïîñëå} 14... dxc3 15. Bxb7 $1 {
) ïîñðåäñòâîì} Ne7 $1 {÷¸ðíûå óñïåøíî îòðàæàþò àòàêó.} {
Ïðèìåðíî òàêèì ñïîñîáîì} 16. Rab1 ({èëè} 16. bxc3 c6) 16... c6 $1 17. bxc3 Kc7
({íî íå} 17... Qxb7 $2 18. Rxb7+ Kxb7 19. d4 {, ïîòîì ñ4 è ò.ä.}) 18. Qe3 (18.
Ba6 Rb8) 18... Nc8 19. Ba6 (19. Bxc8 Kxc8) 19... Nb6 20. Bc4 (20. a4 Rhe8)
20... f4 (20... Rhe8 $5) 21. Qe4 Nxc4 22. Qxc4 Rhe8 {è ò.ä.}) {
Íî â ïàðòèè, êàê áûëî ñêàçàíî áûëî ñûãðàíî ïî äðóãîìó:} 15. Be6 Qc7 16. Ne2 Ne7
{. È íè÷åãî èíòåðåñíîãî ÿ äëÿ ñåáÿ áîëüøå íå îáíàðóæèë. Íè÷üÿ íà 28-ì õîäó:}
17. c3 Be5 18. Bc4 c5 19. cxd4 cxd4 20. Ng3 g6 21. Nf1 Bd6 22. Nd2 Nc6 23. Rac1
Bb4 24. Qd1 Qf4 25. Rc2 Rhe8 26. Rxe8 Rxe8 27. Bb5 Bxd2 28. Rxd2 1/2-1/2

[Event "8th EUROPEAN INDIVIDUAL CHESS CHAMPIONSHIP"]
[Site "Dresden/Germany"]
[Date "2007.04.07"]
[Round "5.15"]
[White "Tkachiev, Vladislav"]
[Black "Brkic, Ante"]
[Result "1-0"]
[WhiteElo "2652"]
[BlackElo "2567"]
[Annotator "Ëåáåäåâ Âàñèëèé"]
[PlyCount "43"]
[EventDate "2007.04.03"]

{Ñîìíèòåëüíûé äåáþòíûé ýêñïåðèìåíò â ñëåäóþùåì ïîåäèíêå çàêîí÷èëñÿ òàê, êàê
ýòî è ñëåäîâàëî îæèäàòü - ðàçäà÷åé ëþëåé ýêñïåðèìåíòàòîðó..} 1. Nf3 c5 2. c4
Nc6 3. d4 cxd4 4. Nxd4 Nf6 5. g3 Qb6 6. Nb3 e6 7. Bg2 Ne5 8. Qc2 Qc7 9. c5 d5
$6 {Íå íðàâèòñÿ ìíå ýòîò õîä!} ({×¸ðíûì, ïî âñåé âèäèìîñòè, íàäî áûëî óïàñòü
íà «õâîñò» (äåáþòíûé) îäíîìó èç ëèäåðîâ äàííîãî òóðíèðà Àíäðåþ Âîëîêèòèíó,
êîòîðûé â ïàðòèè Ñ Áîðèñîì Ãåëüôàíäîì óñòîÿë ïîñëå} 9... d6 $1 10. Nc3 dxc5 11.
Bf4 a6 12. Na4 Nd5 13. Bxe5 Qxe5 14. Naxc5 Qc7 15. Rc1 b6 16. Nd3 Qxc2 17. Rxc2
Bb7 18. O-O Rb8 19. Rfc1 g6 20. Nd4 Bh6 21. Rd1 O-O 22. Ne5 Rbc8 23. Nec6 Rfe8
24. e4 Nf6 25. e5 Nd5 26. Bxd5 exd5 27. f4 Bf8 28. b4 Rc7 29. Rdc1 Kg7 30. a3 {
(1/2 Gelfand,B (2696) - Volokitin,A (2685)/Bermuda 2005).}) 10. Bf4 {
Âîò è ñâÿçêà íåïðèÿòíàÿ ïîäîñïåëà} Nh5 11. Bxe5 Qxe5 12. Nc3 Bd7 13. O-O-O Nf6
{Ýòîò õîä óäàðó â öåíòðå îòíþäü íå ïðåïÿòñòâóåò.} ({
Âïðî÷åì, è «ðàäèêàëüíîå»} 13... f5 {, êàê ìíå êàæåòñÿ, òîæå. Ïðàâäà, ÷òîáû
ýòî äîêàçàòü ïðèõîäèòñÿ «ôååðèòü» íàïðîïàëóþ:} 14. Nxd5 $3 ({
ïîñëå äîëãîãî ðàçäóìüÿ Rybka ñêëîíÿåòñÿ â ïîëüçó} 14. Rd3 $5 {ñ èäååé} Be7 (
14... O-O-O $5) 15. f4 Qb8 16. e4 $1 fxe4 17. Nxe4 O-O 18. Re1 {è ò.ä.}) 14...
exd5 15. Rxd5 {È òåïåðü âàæíî êóäà îòñòóïèò ÷¸ðíûé ôåðçü.} Qc7 ({åñëè} 15...
Qf6 {, òî} 16. Nd4 {, è ïîïûòêà ýâàêóàöèè} O-O-O {îïðîâåðãàåòñÿ ïóò¸ì} 17. Rd1
$1 g6 (17... Be7 18. Rd6 $1) 18. Rd6 $1 Qf7 19. Bxb7+ $1) ({Íà} 15... Qe7 {
åñòü, ïîìèìî âñåãî ïðî÷åãî,} 16. Rd3 $1 {- â ñòèëå çíàìåíèòîé
ëàäåéíî-ïîêàçàòåëüíîé ïàðòèè Êàðïîâ - Ãîðò (Ìåìîðèàë Àëåõèíà, Ìîñêâà 1971).}
Be6 {È òåïåðü} 17. c6 Rc8 18. Nd4 g6 (18... f4 19. Rhd1) 19. Kb1 $1 {
Ïîäàëüøå îò âñÿ÷åñêèõ øàõîâ.} Bh6 20. Rhd1 bxc6 21. Bxc6+ Bd7 {
«Ëó÷øåå», èíà÷å ñîâñåì êàþê.} 22. Nxf5 $1 {
Çàêëþ÷èòåëüíàÿ ðàçìåííî-êîìáèíàöèîííàÿ îïåðàöèÿ.} Rxc6 23. Nxe7 Rxc2 24. Kxc2
Nf6 25. Nc8 $1) 16. Rxd7 $3 Qxd7 (16... Kxd7 17. Qxf5+) 17. c6 {È íà} Qc7 {
ìîæíî êîå-÷òî ïðåäëîæèòü, ïðè÷¸ì ãàðàíòèðîâàííàÿ íè÷üÿ â ýòîò íàáîð âõîäèò.}
({èëè} 17... Qc8 {- íå îòäàâàÿ ïåøêó íà f5. Õîòÿ êîãî, ïî ñîâåñòè, ñåé÷àñ
êàêèå-òî ïåøêè èíòåðåñóþò?} 18. Rd1 Be7 ({ïëîõî} 18... bxc6 19. Bxc6+ Kf7 20.
Rd7+ Be7 21. Qc4+ Kf6 22. Nd4 $18) 19. c7 {Ñèëüíåå âñåãî} Nf6 (19... O-O 20.
Na5 $16) ({à åñëè} 19... a5 {
, ïðåïÿòñòâóÿ òîëüêî ÷òî ïîêàçàííîé èäåå, òî ìîæíî ñêîìáèíèðîâàòü:} 20. Nxa5
$1 Rxa5 21. Bxb7 $1 Qxc7 22. Qxc7 Rc5+ 23. Qxc5 Bxc5 24. Rd5 {
, è òðè ïåøêó çà ôèãóðó ó áåëûõ ñîõðàíÿåòñÿ, òàê êàê íåëüçÿ} Bxf2 $2 25. Rxf5)
{À áåëûå èãðàþò} 20. Nd4 $1 {, ïðîäîëæàÿ óëó÷øàòü ñâîþ ïîçèöèþ. È ÷òî ñ
òîãî ÷òî ëàäüè ó íèõ ïî-ïðåæíåìó íå õâàòàåò?} {È íàäî îòâå÷àòü} Ne4 $1 ({
ïðàêòè÷åñêè ìãíîâåííî ïðîèãðûâàåò} 20... O-O $2 {èç-çà} 21. Nxf5) ({
Íî, êàê îêàçûâàåòñÿ, íå ñëèøêîì äîëãî ïðîäåðæàòüñÿ ÷¸ðíûå è ïîñëå} 20... g6
21. Qa4+ Kf8 (21... Qd7 22. Nb5 Qe6 23. Bxb7 O-O 24. Nd4 $1 {è ò.ä.}) 22. Qc4
Bd6 23. Kb1 $3 {Äîáðî ïîæàëîâàòü, áàòþøêà Öóãöâàíã!} ({
îòìåòèì, ÷òî åñòü è íè÷üÿ} 23. Nb5 Be7 24. Nd4 Bd6) 23... h6 {
- åäèíñòâåííîå, íå ïðîèãðûâàþùåå ñðàçó} ({íàïðèìåð, ïëîõî} 23... Ne4 24. Bxe4
fxe4 25. Ne6+ Ke7 26. Ng5 Qf5 27. Rd5 $18) 24. Rd3 $3 Ne4 (24... Ng4 25. Ne6+
Ke7 26. Nf4 Bxf4 27. gxf4 $18 {- äà, äà!}) (24... Rh7 25. Ne6+ Ke7 26. Nf4 Bxf4
27. gxf4 $18 {- äà, äà, äà!}) 25. Ne6+ Ke7 26. Bxe4 fxe4 {
È òî÷êó ñòàâèò ïðûæîê êîíÿ} 27. Nd8 $1) {ïîñëå} 21. Nxf5 (21. Kb1 $5 O-O 22.
Nxf5 Nc3+ $1 23. bxc3 Qxf5 {è ò.ä.}) 21... Qxf5 22. Bxe4 Qc5 {- ôåðçè ìåíÿþòñÿ,
àòàêà çàõë¸áûâàåòñÿ... Íî ïîñëå äåáþòà è ìèòòåëüøïèëÿ áîãè ñîçäàëè ýíäøïèëü,
â êîòîðîì ìîæíî íàâåðñòàòü óïóùåííîå èëè äîäåëàòü íåäîäåëàííîå íà áîëåå ðàííèõ
ñòàäèÿõ ïàðòèè.} {È â ñëó÷àå} 23. Bxb7 Qxc2+ 24. Kxc2 Kf7 25. Rd4 {
ïîçèöèÿ ïðîäîëæàåò îñòàâàòüñÿ èãðîâîé...}) 18. Qxf5 (18. Nd4 $5) 18... g6 19.
Qe6+ Be7 (19... Qe7 20. cxb7 $1) 20. Kb1 $1 b6 (20... Ng7 21. cxb7) 21. Bd5 Rf8
22. Nd4 Ng7 23. Qh3 Rd8 24. Nb5 Qc8 25. e4 $3 h5 (25... Qxh3 26. Nc7#) 26. Qxc8
Rxc8 27. Nxa7 Rc7 28. Nb5 Rc8 29. f4 {
, è çäåñü ÿ ïðåðâóñü: íè÷üþ áåëûå äåëàþò â ëþáîé ìîìåíò.}) {
È ñàìîå âðåìÿ âåðíóòüñÿ ê ïàðòèè:} 14. e4 $1 {
À òåïåðü íà÷èíàåòñÿ äàæå íå èçáèåíèå...} dxe4 ({Èëè} 14... d4 15. f4 Qc7 (
15... Qh5 16. e5 dxc3 17. exf6 $18) 16. Nxd4 Bxc5 17. e5 {
è ñêîðî ÷¸ðíûõ çàõëåñòí¸ò äåâÿòûé âàë àòàêè ïðîòèâíèêà. Íàïðèìåð:} Ng4 18. Qe2
h5 19. Ndb5 Qb6 20. Rxd7 $1 ({èëè} 20. Nd6+ Bxd6 21. Rxd6) {È äàëåå:} 20...
Kxd7 21. Na4 Be3+ 22. Kb1 Qa5 23. Nac3 (23. h3 $5) 23... Qb6 24. Rd1+ Ke7 25.
h3 Nf2 26. Rd6 Qc5 27. Bxb7) ({Èëè} 14... Nxe4 15. Nxe4 dxe4 16. Bxe4 Qc7 17.
Qc3 $1 {è ò.ä.}) 15. Nxe4 Nxe4 16. Bxe4 Bc6 $2 {Ïðàâäà, ñëåäóåò ïðèçíàòü, ÷òî
òî ñàìîå «äàæå íå èçáèåíèå», íà÷èíàåòñÿ òîëüêî ïîñëå ýòîãî õîäà.} ({
Ñëåäîâàëî óïëîòíèòüñÿ» (} 16... Qc7 $1 {
) è, ïî êðàéíåé ìåðå, íå ñðàçó âûèãðûâàåò (åñëè âûèãðûâàåò) ëèõîå} 17. Rxd7
Kxd7 18. Rd1+ ({èëè} 18. c6+ bxc6 19. Rd1+ Bd6 (19... Ke7 20. Nd4) 20. Na5 $1
Ke7 21. Nxc6+ Kf8) 18... Ke8 19. c6 Rd8 (19... b6 20. Rd7) 20. cxb7 Rxd1+ 21.
Kxd1 Qxc2+ 22. Kxc2 Bd6 23. Nc5 Kd8 24. Na6 Kd7 {
Â îáîèõ ñëó÷àÿõ áåëûå, ìîæåò áûòü, óðàâíÿëè. Íî íå áîëüøå.}) 17. Bxc6+ bxc6
18. Rhe1 Qc7 19. Qc3 $1 {Ãëÿäÿ ñâîé êîðîëåâñêèé ôëàíã, ÷¸ðíûå ìîãëè áû
ïîäóìàòü: «Ice... Âå÷íûé ice» È ñëåäóþùèé õîä âñ¸ ýòî òîëüêî óñóãóáëÿåò.} {
È ñëåäóþùèé õîä åãî òîëüêî óñóãóáëÿåò.} Rd8 20. Rxd8+ Kxd8 21. Re4 $1 Kc8 ({
Åäèíñòâåííàÿ «ïëîäîòâîðíàÿ» èäåÿ êðîìå õîäà â ïàðòèè òóò} 21... h5 {
, íî òîãäà} 22. Na5 ({íî, ìîæåò áûòü, òî÷íåå} 22. h4 $5 Rh6 23. Na5 {è ò.ä.})
22... h4 23. Rb4 $1 Ke8 (23... Kc8 24. Rb7) ({èëè} 23... Rh5 $5 24. Kb1 {
è âñå óãðîçû îñòàþòñÿ â ñèëå}) 24. Qf3 $1 hxg3 25. fxg3 Qe5 (25... Bxc5 26.
Rb7) 26. Qxc6+ Ke7 27. Re4 $1 {ñ áûñòðûì è æóòêèì ðàçãðìîì.}) (21... f5 22. Nd4
) 22. Rb4 {È ââèäó íåèçáåæíîãî Na5 è Rb8+ ÷¸ðíûå ñäàëèñü.} 1-0

[Event "8th EUROPEAN INDIVIDUAL CHESS CHAMPIONSHIP"]
[Site "Dresden/Germany"]
[Date "2007.04.07"]
[Round "5.42"]
[White "Karjakin, Sergey"]
[Black "Mista, Aleksander"]
[Result "0-1"]
[WhiteElo "2686"]
[BlackElo "2532"]
[Annotator "Ëåáåäåâ Âàñèëèé"]
[PlyCount "132"]
[EventDate "2007.04.03"]

{Êðàñèâûé óäàð ïîñëóæèë ïðåëþäèåé ê çàòÿæíîé àòàêå â ñëåäóþùåé ïàðòèè.} 1. e4
c5 2. Nf3 d6 3. d4 cxd4 4. Nxd4 Nf6 5. Nc3 a6 6. Be2 e5 7. Nb3 Be7 8. O-O O-O
9. Kh1 b6 10. Be3 Bb7 11. f3 b5 12. a4 b4 13. Nd5 Nxd5 14. exd5 Bg5 15. Bxg5
Qxg5 16. a5 {Êàêàÿ-òî íåïîíÿòíàÿ íîâèíêà. Íåò, å¸ èäåþ êàê ðàç ïîíÿòü ìîæíî -
îêó÷èòü è ñêóøàòü ïåøêó íà b4, íî ýòî òàê íåïîõîæå íà Ñåðãåÿ Êàðÿêèíà...  (À
òóò íå ñîãëàøóñü. ß åãî ïîìíþ åù¸ ìàëåíüêèì. Âñåãäà áûë î÷åíü ñåðü¸çíûé,
ëþáèë ÷óæèå ïåøêè è íå «ôååðèë». Äàæå êîãäà íîãè äî ïîëà íå äîñòàâàëè :) -
Adelante.)} ({Rybka ïðåäëàãàåò} 16. Na5 $1 {
, êàê è áûëî ñûãðàíî â ñëåäóþùåé ïàðòèè:} Bc8 17. Nc4 Qe7 18. Nb6 Ra7 19. a5
Qc7 20. Ra4 Qc5 21. c3 Nd7 22. cxb4 Qc7 23. Nc4 Nf6 24. Ra3 Bf5 25. Rc3 Qe7 26.
Qd2 h6 27. Ne3 Bd7 28. Rfc1 e4 29. Qd4 Raa8 30. f4 Ne8 31. Qb6 g5 32. fxg5 hxg5
33. Bxa6 f5 34. Bb7 Rd8 35. a6 f4 36. a7 fxe3 37. Qxe3 Ng7 38. Bc8 Nf5 39. Qe1
Bc6 40. Be6+ Kh8 41. Qxe4 Bd7 42. Bxf5 Qf6 43. g4 Rde8 44. Rh3+ Kg7 45. Be6 Rh8
46. Rxh8 Kxh8 47. Bxd7 Rxe4 48. a8=Q+ Kg7 49. Bf5 Qe7 50. Qa1 Qe5 51. b3 Rd4
52. Re1 Qxd5+ 53. Re4 {(1-0 Kovalev,A (2400) - Gallagher,J (2521)/Batumi 1999).
}) 16... Nd7 17. Ra4 Nf6 18. Bc4 Qh4 19. Rxb4 {
Áåëûå ðåàëèçîâàëè ñâîé «ïëàí». È ñòîÿò, ïî-ìîåìó íå î÷åíü...} Nxd5 $1 ({
Íå êàæåòñÿ õóæå è} 19... Bxd5 $5 20. g3 Qg4 21. Kg1 Qe6) 20. g3 (20. Bxd5 Qxb4)
20... Qh3 21. Rxb7 $6 {Åù¸ îäíà íåòî÷íîñòü.} ({Ïîñëå} 21. Bxd5 Bxd5 {
÷¸ðíûé ñëîí è âåëèê ,è óæàñåí (} 22. Qxd5 Qxf1# {).}) 21... Ne3 22. Qe2 Nxc4
23. Rd1 ({Íåëüçÿ, îêàçûâàåòñÿ,} 23. Qxc4 {ââèäó} Rac8 24. Qe2 Rxc2 $1 25. Nd2
Rxd2 $1) 23... Nxb2 {×¸ðíûå êàê áû íà ñåêóíäî÷êó âûèãðàëè ïåøêó.} 24. Rxd6
Rac8 {Îïÿòü ãðîçèò óäàð íà ñ2.} 25. Kg1 ({Êîíå÷íî, íå} 25. Rxa6 Rxc2 $1) ({
Îäíàêî øèêàðíàÿ íè÷üÿ ïîëó÷àëàñü â ñëó÷àå} 25. Rb4 Rfd8 (25... Rxc2 $4 26.
Rd2 $1) (25... Rc3 26. Na1 $1 {Êàêîâ õîä!}) 26. Rxd8+ ({
íî, ìîæåò áûòü, ñòîèò è ïðîäîëæèòü áîðüáó} 26. Rd2 $5 Qf5 27. Rxd8+ Rxd8 {
è ò.ä.}) 26... Rxd8 27. Nc5 h6 ({
ïðîèãðûâàåò íåðâíîå æåëàíèå ñäåëàòü ôîðòî÷êó ïîáîëüøå:} 27... h5 28. Rxb2 Rd2
29. Rb8+ Kh7 30. Ne4 $1 $18) 28. Rxb2 Rd2 $1 29. Rb8+ Kh7 30. Ne6 $3 {Î!} Rxe2
({èëè} 30... f5 31. Nf8+ Kh8 32. Ng6+ Kh7 33. Nf8+ {
È äëÿ ÷¸ðíûõ ñåé÷àñ ãëàâíîå - íå ä¸ðíóòüñÿ:} Kg8 $4 34. Qc4+ Kh8 35. Nd7+ Kh7
36. Qg8+ Kg6 37. Nf8+ {ñ ìàòîì}) 31. Nf8+ Kg8 32. Ne6+ Kh7 $11) 25... Nc4 26.
Rxa6 $2 {Óñòóïêà ëèíèè «d» îêàçûâàåòñÿ ïîñëåäíåé îøèáêîé.} Rfd8 27. Raa7 ({Íà
} 27. Re7 {ìîæíî ïðîäîëæàòü ïî àíàëîãèè ñ ïàðòèåé:} Ne3 $1 ({
à ìîæíî ïðåäëîæèòü âûñêàçàòü áåëûì:} 27... h5 $1) 28. Rxe5 Rd1+ 29. Kf2 Ng4+ $1
30. fxg4 Qxh2+ 31. Kf3 (31. Ke3 Qxg3+) 31... Qh1+ 32. Kf4 Rf1+ 33. Ke3 Re1 {
è ò.ä.}) 27... Ne3 $1 {Âîò è âñ¸...} 28. Rc7 (28. Qxe3 Rd1+ 29. Kf2 Qf1#) 28...
Rd1+ ({Ïîñëå} 28... Rxc7 29. Rxc7 f5 $1 {
ìåíüøå, ÷åì â 6 ïåøåê, Rybka ïåðåâåñ ÷¸ðíûõ íå îöåíèâàåò!}) 29. Kf2 {
Ïðèõîäèòñÿ èäòè â öåíòð è ïîãèáàòü...} Rcd8 $1 ({À òåïåðü} 29... Ng4+ {
íå ïðîõîäèò:} 30. fxg4 Qxh2+ 31. Ke3 $1 (31. Kf3 e4+ $1 32. Ke3 Qxg3+ 33. Kxe4
f5+ $1 34. gxf5 Re8+ 35. Re7 Rxe7+ 36. Rxe7 Re1) 31... Qxg3+ 32. Qf3 Qe1+ (
32... Re1+ $4 33. Kd2 $3 $18 Rd1+ 34. Qxd1 Rd8+ 35. Rd7) 33. Qe2 Qg3+ 34. Qf3
$11) 30. Kxe3 Qh6+ 31. f4 ({Èëè} 31. Kf2 Qxh2+ 32. Ke3 Qg1+ 33. Ke4 R8d4+ $1 {
ñ ìàòîì}) 31... exf4+ 32. Kf3 fxg3 33. Qxd1 ({Ïîñëå} 33. Rxf7 Qh5+ 34. Ke3 Re8+
35. Rfe7 Qg5+ 36. Kf3 Rf8+ {ìîæíî çàêðóãëÿòüñÿ}) ({Èëè} 33. hxg3 Qh1+ 34. Ke3
Re1 $19) 33... Qh5+ ({Èëè} 33... Qf6+ $5 34. Kxg3 Rxd1 35. Ra8+ Rd8 36. Rcc8
Qg5+ 37. Kf3 Qf5+) 34. Kxg3 Qxd1 {È ÷¸ðíûå ïîáåäèëè} 35. Rxf7 Qg1+ 36. Kh3
Qe3+ 37. Kg2 Qe4+ 38. Kg3 Qe5+ 39. Kg2 Qe2+ 40. Kg3 Qe3+ 41. Kg2 Qe4+ 42. Kg3
Qg6+ 43. Kf4 Qd6+ 44. Kg4 Qe6+ 45. Kg3 Qxf7 46. Rxf7 Kxf7 47. Kf4 Rc8 48. Nd4
Rc5 49. a6 Ra5 50. c4 Rxa6 51. c5 Ra5 52. c6 Rc5 53. h4 g6 54. Nf3 Rc4+ 55. Ke3
Kf6 56. Nd4 Ke5 57. Nf3+ Kd6 58. h5 gxh5 59. Ng5 Rxc6 60. Kf4 Rc4+ 61. Kf5 h4
62. Nh3 Kd5 63. Kg5 Ke5 64. Kh5 Kf5 65. Ng5 h6 $1 66. Nh3 (66. Kxh6 h3 $1 67.
Nxh3 Rh4+) 66... Ke4 0-1